书目信息 |
| 题名: |
动画分镜头脚本设计研究
|
|
| 作者: | 王鹏威, 著 | |
| 分册: | ||
| 出版信息: | 长春 吉林美术出版社 2019 |
|
| 页数: | 243页 | |
| 开本: | 24cm | |
| 丛书名: | ||
| 单 册: | ||
| 中图分类: | J954.1 | |
| 科图分类: | ||
| 主题词: | 动画片--dong hua pian--镜头 (电影艺术镜头)--设计--研究 | |
| 电子资源: | ||
| ISBN: | 978-7-5575-3539-1 | |
| 000 | 00944nam0 2200253 450 | |
| 001 | 012001007823 | |
| 005 | 20131021144026.0 | |
| 010 | @a978-7-5575-3539-1@dCNY60.00 | |
| 099 | @aCAL 012019030105 | |
| 100 | @a20190308d2019 em y0chiy50 ea | |
| 101 | 0 | @achi |
| 102 | @aCN@b220000 | |
| 105 | @aa a 000yy | |
| 106 | @ar | |
| 200 | 1 | @a动画分镜头脚本设计研究@Adong hua fen jing tou jiao ben she ji yan jiu@f王鹏威著 |
| 210 | @a长春@c吉林美术出版社@d2019 | |
| 215 | @a243页@c图@d24cm | |
| 320 | @a有书目 | |
| 330 | @a本书以动画自身特点为基础, 对动画分镜头脚本设计进行了阐述, 具体在对动画分镜头脚本基础理论探讨的基础上, 论述了动画分镜头脚本设计的思路以及具体建构流程, 并详细阐述了镜头语言在动画分镜头脚本设计中的应用。 | |
| 606 | 0 | @a动画片@Adong hua pian@x镜头 (电影艺术镜头)@x设计@x研究 |
| 690 | @aJ954.1@v5 | |
| 701 | 0 | @a王鹏威,@Awang peng wei@f1985-@4著 |
| 801 | 0 | @aCN@b上海新华@c20191020 |
| 905 | @b1180280-3@dJ954.1@e369@f4 | |
| 动画分镜头脚本设计研究/王鹏威著.-长春:吉林美术出版社,2019 |
| 243页:图;24cm |
| ISBN 978-7-5575-3539-1:CNY60.00 |
| 本书以动画自身特点为基础, 对动画分镜头脚本设计进行了阐述, 具体在对动画分镜头脚本基础理论探讨的基础上, 论述了动画分镜头脚本设计的思路以及具体建构流程, 并详细阐述了镜头语言在动画分镜头脚本设计中的应用。 |
| ● |
| 相关链接 |
|
|
|
|
正题名:动画分镜头脚本设计研究
索取号:J954.1/369
 
预约/预借
| 序号 | 登录号 | 条形码 | 馆藏地/架位号 | 状态 | 备注 |
| 1 | 1180280 | 211802806 | 第一样本阅览室/ [索取号:J954.1/369] | 在馆 | |
| 2 | 1180281 | 211802815 | 第一借阅区/ [索取号:J954.1/369] | 在馆 | |
| 3 | 1180282 | 211802824 | 第一借阅区/ [索取号:J954.1/369] | 在馆 | |
| 4 | 1180283 | 211802833 | 第一借阅区/ [索取号:J954.1/369] | 在馆 |